000 00650nab a2200193 4500
001 244442
003 OSt
005 20231108085806.0
007 tu
008 200917s2020|||||||
040 _aDE-2950
_cDE-2950
245 0 0 _aRöglin bleibt Stadtwerke-Chef
_bUnternehmen. Der Geschäftsführer hat seinen Vertrag um fünf weitere Jahre verlängert. Ein wichtige Ziel bis 2029:; die Energiewende weiter vorantreiben/
_cThomas Gutke
264 _c2023
653 _aFrankfurt (Oder)
653 _aStadtwerke
653 _aTorsten Röglin
773 0 _g34. Jahrgang (2023) Nr. 253 vom 30.10.2023, S. 13: Foto
_tMärkische Oderzeitung
942 _2z
_cA
999 _c372813
_d372813